书目信息 |
| 题名: |
希特勒副官的回忆
|
|
| 作者: | 贝洛 , Below 著 ;张连根 译 | |
| 分册: | ||
| 出版信息: | 长春 吉林人民出版社 1984 |
|
| 页数: | 483页 | |
| 开本: | 21cm | |
| 丛书名: | ||
| 单 册: | ||
| 中图分类: | K518 | |
| 科图分类: | ||
| 主题词: | 德意志第三帝国 , 东欧--历史 , 中欧--历史 | |
| 电子资源: | ||
| ISBN: | ||
| 000 | 00915nam0 2200313 45 | |
| 001 | 0184012354 | |
| 005 | 20040512083042.7 | |
| 010 | @dCNY2.10 | |
| 091 | @a11091.93 | |
| 100 | @a19950525d1984 em y0chiy0121 ea | |
| 101 | 1 | @achi@cger |
| 102 | @aCN@b220000 | |
| 105 | @ay z 000zy | |
| 106 | @ar | |
| 200 | 10 | @a希特勒副官的回忆@Axi te le fu guan de hui yi@f(联邦德国)贝洛(N.V.Below)著@g张连根译 |
| 210 | @a长春@c吉林人民出版社@d1984 | |
| 215 | @a483页@d21cm | |
| 300 | @a书名原文:Als Hitlers Adjutant 1937-1945 | |
| 510 | 1 | @aAls Hitlers Adjutant 1937-1945@zger |
| 606 | @a德意志第三帝国 | |
| 606 | 0 | @a东欧@x历史 |
| 606 | 0 | @a中欧@x历史 |
| 690 | @aK518@v3 | |
| 701 | 1 | @a贝洛@Abei luo@bN.V.@f联邦德国@4 著 |
| 701 | A1 | @aBelow@bN.V.@4著 |
| 702 | 0 | @a张连根@Azhang lian gen@4译 |
| 801 | 0 | @aCN@b上海图书馆@c20040102 |
| 801 | 2 | @aCN@bNLC@c20040102 |
| 905 | @dK518@e1@f1@b121462@f1@b121460 | |
| 希特勒副官的回忆/(联邦德国)贝洛(N.V.Below)著/张连根译.-长春:吉林人民出版社,1984 |
| 483页;21cm |
| 书名原文:Als Hitlers Adjutant 1937-1945 |
| ISBN :CNY2.10 |
| ● |
| 相关链接 |
|
|
|
|
正题名:希特勒副官的回忆
索取号:K518/1
 
预约/预借
| 序号 | 登录号 | 条形码 | 馆藏地/架位号 | 状态 | 备注 |
| 1 | 0121460 | 001395788 | 第二借阅区/ [索取号:K518/1] | 在馆 | |
| 2 | 0121461 | 001855781 | 密集书库/ [索取号:K518/1] | 在馆 | |
| 3 | 0121462 | 001395742 | 第二借阅区/ [索取号:K518/1] | 在馆 | |
| 4 | 0121463 | 001855745 | 密集书库/ [索取号:K518/1] | 在馆 | |
| 5 | 0121464 | 001395779 | 第二样本阅览室/ [索取号:K518/1] | 在馆 |